Comida que começa com A - Statistics

Estatísticas Gerais
  • Esse quiz foi jogado 397 vezes
    396 desde o último reset
  • A pontuação média é 5 de 20
Estatísticas das Respostas
Hint Resposta % Correto
12. Arroz
81%
1. Amora
71%
7. Abacaxi
60%
2. Ameixa
57%
15. Alface
54%
8. Abóbora
43%
3. Amendoim
33%
9. Açaí
28%
4. Amêndoa
26%
20. Alecrim
20%
13. Arroz Doce
16%
10. Alcachofra
15%
5. Ananás
10%
14. Aspargos
9%
17. Algodão doce
6%
16. Alfarroba
3%
19. Anis
3%
6. Abate
1%
11. Aletria
1%
18. Amêijoas
0%
Nenhum quiz correspondente encontrado
Distribuição das Pontuações
Porcentagem de Pessoas com Cada Pontuação
Percentil de Números Respondidos
Sua Pontuação Histórica
Você não jogou esse quiz desde o último reset